Top 100 najbardziej wartościowych piłkarzy 2024. - Statystyki

Ogólne statystyki
  • Ten quiz został rozwiązany 373 razy
    272 od ostatniego zresetowania
  • Średni wynik to 37 z 99
Statystyki odpowiedzi
wartość narodowość nazwisko % Poprawnych
180,00 mln € Norwegia Erling Haaland
96%
180,00 mln € Francja Kylian Mbappe
95%
55,00 mln € Holandia Micky van de Ven
94%
180,00 mln € Anglia Jude Bellingham
92%
100,00 mln € Anglia Harry Kane
85%
180,00 mln € Brazylia Vinicius
80%
120,00 mln € Urugwaj Federico Valverde
76%
130,00 mln € Niemcy Jamal Musiala
75%
140,00 mln € Anglia Bukayo Saka
74%
120,00 mln € Anglia Lamine Yamal
74%
150,00 mln € Anglia Phil Foden
72%
130,00 mln € Niemcy Florian Wirtz
70%
110,00 mln € Norwegia Martin Odegaard
66%
110,00 mln € Brazylia Rodrygo
66%
80,00 mln € Hiszpania Pedri
62%
110,00 mln € Argentyna Lautaro Martinez
61%
90,00 mln € Hiszpania Gavi
60%
120,00 mln € Anglia Declan Rice
55%
90,00 mln € Portugalia Rafael Leao
54%
55,00 mln € Egipt Mohamed Salah
52%
100,00 mln € Francja Eduardo Camavinga
51%
100,00 mln € Nigeria Victor Osimhen
51%
80,00 mln € Anglia Cole Palmer
50%
70,00 mln € Holandia Frenkie de Jong
46%
75,00 mln € Szwecja Alexander Isak
45%
70,00 mln € Portugalia Bruno Fernandes
45%
60,00 mln € Maroko Achraf Hakimi
44%
70,00 mln € Portugalia Bernardo Silva
44%
90,00 mln € Argentyna Julian Alvarez
44%
70,00 mln € Urugwaj Darwin Nunez
43%
100,00 mln € Francja Aurelien Tchouameni
42%
60,00 mln € Francja Ousmane Dembele
42%
80,00 mln € Portugalia Ruben Dias
41%
75,00 mln € Kolumbia Luis Diaz
40%
70,00 mln € Urugwaj Ronald Araujo
40%
70,00 mln € Anglia Trent Alexander-Arnold
40%
80,00 mln € Francja Wiliam Saliba
40%
80,00 mln € Włochy Nicolo Barella
39%
55,00 mln € Anglia Cody Gakpo
38%
75,00 mln € Argentyna Enzo Fernandez
38%
75,00 mln € Węgry Dominik Szoboszlai
37%
65,00 mln € Serbia Dusan Vlahović
37%
75,00 mln € Chorwacja Josko Gvardiol
37%
75,00 mln € Argentyna Alexis Mac Allister
36%
70,00 mln € Brazylia Nico Williams
36%
60,00 mln € Hiszpania Nico Williams
36%
65,00 mln € Szwecja Viktor Gyökeres
36%
75,00 mln € Ekwador Moises Caicedo
33%
60,00 mln € Anglia Jack Grealish
32%
65,00 mln € Belgia Jeremy Doku
32%
80,00 mln € Gruzja Khvicha Kvaratskhelia
32%
80,00 mln € Holandia Xavi Simons
32%
70,00 mln € Niemcy Kai Havertz
31%
70,00 mln € Włochy Alessandro Bastoni
30%
50,00 mln € Kanada Jonathan David
30%
55,00 mln € Portugalia Nuno Mendes
30%
65,00 mln € Dania Rasmus Hojlund
30%
50,00 mln € Brazylia Vitinha
29%
60,00 mln € Francja Theo Hernandez
28%
60,00 mln € Anglia Marcus Rashford
27%
50,00 mln € Słowenia Benjamin Sesko
26%
50,00 mln € Francja Bradley Barcola
26%
60,00 mln € Brazylia Dani Olmo
26%
70,00 mln € Brazylia Gabriel Martinelli
26%
50,00 mln € Holandia Jeremie Frimpong
26%
70,00 mln € Niemcy Leroy Sane
26%
65,00 mln € Brazylia Gabriel Jesus
25%
65,00 mln € Holandia Matthijs de Ligt
25%
55,00 mln € Anglia Michael Olise
25%
85,00 mln € Brazylia Bruno Guimaraes
24%
50,00 mln € Portugalia Goncalo Ramos
23%
65,00 mln € Anglia Ollie Watkins
22%
55,00 mln € Francja Kobbie Mainoo
21%
65,00 mln € Francja Marcus Thuram
21%
65,00 mln € Francja Christopher Nkunku
20%
55,00 mln € Szwecja Dejan Kulusevski
20%
60,00 mln € Brazylia Endrick
20%
55,00 mln € Portugalia Joao Neves
19%
50,00 mln € Ghana Mohammed Kudus
19%
60,00 mln € Argentyna Cristian Romero
18%
60,00 mln € Anglia Anthony Gordon
16%
55,00 mln € Anglia Eberechi Eze
15%
65,00 mln € Brazylia Lucas Paqueta
15%
50,00 mln € Belgia Amadou Onana
14%
55,00 mln € Anglia Ben White
14%
60,00 mln € Belgia Lois Openda
14%
60,00 mln € Francja Warren Zaire-Emery
14%
60,00 mln € Brazylia Bremer
13%
50,00 mln € Irlandia Evan Ferguson
13%
70,00 mln € Anglia James Maddison
13%
55,00 mln € Portugalia Pedro Neto
13%
70,00 mln € Brazylia Douglas Luiz
12%
50,00 mln € Portugalia Matheus Nunes
12%
55,00 mln € Francja Moussa Diaby
11%
50,00 mln € Anglia Conor Gallagher
10%
50,00 mln € Portugalia
Savio
10%
55,00 mln € Portugalia João Palhinha
7%
50,00 mln € Holandia Leny Yoro
7%
50,00 mln € Anglia Levi Colwill
5%
Nie znaleziono quizów pasujących do podanych kryteriów
Rozkład punktacji
Procent ludzi z każdym wynikiem
Percentyl według liczby udzielonych odpowiedzi
Twoja historia wyników
Nie rozwiązałeś tego quizu od ostatniego zresetowania